| 000 | 00514nam a2200145Ia 4500 | ||
|---|---|---|---|
| 008 | 250506s9999 xx 000 0 und d | ||
| 024 | _a00A-05-BS & 00A-19-BS | ||
| 082 | _a005.072 MOH | ||
| 100 | _aMohammad Ahmed & Faisal Farooq | ||
| 245 | 0 | _ajava Based Interactive Television | |
| 260 |
_aKarachi: _bUIT, _c2000 |
||
| 600 | _aComputer Science | ||
| 650 | _aBachelor of Computer Science (BS) | ||
| 856 |
_uhttps://drive.google.com/file/d/1iOSiCOvWd2FqxTSRDmC_Q6ZEYIqIKN_z/view?usp=sharing _yClick here for PDF |
||
| 999 |
_c27536 _d27536 |
||